• 首页
  • 本馆介绍
  • 公告通知
  • 最新文献
  • 馆藏检索
  • 电子资源
  • 读者导购
  • 参考咨询
  • 我的图书馆
  • 登录
  • 详细信息显示
  • 放入我的书架
  • 预约/预借图书
  • 作者相关作品
  • 分类相关作品
  • 丛书相关作品
  • 出版社相关作品

书目信息

  • 表格格式
  • 工作单格式
  • 卡片格式
题名:
同青少年谈法制
    
 
作者: 施晨初 , 朱希祥 编著
分册:  
出版信息: 北京   群众出版社  1988.4
页数: 169页
开本: 19厘米
丛书名: 青年文库
单 册:
中图分类: D92-49
科图分类:
主题词: 社会主义法制--教育--青年读物
电子资源:
ISBN: 7-5014-0210-8
000 00773nam2 2200265 450
001 0100340870
005 20020928000000.0
010    @a7-5014-0210-8@dCNY2.40
011    @a7-5014-0210-8
100    @a19911029d1988 am y0chiy0110 ea
101 0  @achi
102    @aCN@b110000
105    @ay z 000yy
106    @ar
200 1  @a同青少年谈法制@9Tong Qing Shao Nian Tan Fa Zhi @f施晨初,朱希祥编著@b专著
210    @a北京@c群众出版社@d1988.4
215    @a169页@d19厘米
225 2  @a青年文库@f北京市教育局选编
410  0 @12001 @a青年文库
606 0  @a社会主义法制@x教育@x青年读物
690    @aD92-49
701  0 @a施晨初@9shi chen chu@4编著
701  0 @a朱希祥@f(1948~)@9zhu xi xiang@4编著
801  0 @aCN@bAiZhiMarc@c19911029
905    @aBZT@dD92@e47@f8@sD92/47
    
    同青少年谈法制/施晨初,朱希祥编著.-北京:群众出版社,1988.4
    169页;19厘米.-(青年文库/北京市教育局选编)
    
    
    ISBN 7-5014-0210-8:CNY2.40
    
●
相关链接 在五车中查询图书 在当当中查询图书 在豆瓣中查询图书


正题名:同青少年谈法制     索取号:D92/47         预约/预借

序号 登录号 条形码 馆藏地/架位号 状态 备注
1 2000112328   2000112328   旧书回溯/ [索取号:D92/47] 在馆    
2 2000112737   2000112737   旧书回溯/ [索取号:D92/47] 在馆    
3 2000112763   2000112763   旧书回溯/ [索取号:D92/47] 在馆    
4 2000115278   2000115278   旧书回溯/ [索取号:D92/47] 在馆    
5 2000116923   2000116923   旧书回溯/ [索取号:D92/47] 在馆    
6 2000117609   2000117609   旧书回溯/ [索取号:D92/47] 在馆    
7 2000117610   2000117610   旧书回溯/ [索取号:D92/47] 在馆    
8 2000117761   2000117761   旧书回溯/ [索取号:D92/47] 在馆    
山东省滨州职业学院图书馆 欢迎您!
大连网信软件有限公司© 版权所有